[Event "TSV Schönaich 2 - SF Deizisau 2"]
[Site "?"]
[Date "2022.10.09"]
[Round "2.1"]
[White "Zilka, Stepan"]
[Black "Koelle, Tobias"]
[Result "1-0"]
[WhiteElo "2587"]
[BlackElo "2447"]
[PlyCount "125"]
[EventDate "2022.??.??"]

1. e4 c5 2. Nf3 d6 3. d4 cxd4 4. Nxd4 Nf6 5. Nc3 a6 6. Be3 e5 7. Nb3 Be6 8. f3
h5 9. Qd2 Nbd7 10. Nd5 Bxd5 11. exd5 g6 12. O-O-O Nb6 13. Kb1 Nbxd5 14. Bg5 Be7
15. Be2 Qc7 16. c4 Nf4 17. Bxf4 exf4 18. Qxf4 O-O-O 19. Rc1 Kb8 20. Rhd1 Rd7
21. Qd4 Rhd8 22. f4 d5 23. c5 Ne4 24. g3 f5 25. Rc2 Bf6 26. Qb4 d4 27. Bd3 Be7
28. Qa4 Qc6 29. Qxc6 bxc6 30. Re2 Rd5 31. Bxe4 fxe4 32. Rxe4 Bxc5 33. Nxc5 Rxc5
34. Rexd4 Rxd4 35. Rxd4 Kc7 36. h4 a5 37. a3 Rb5 38. Kc2 Rc5+ 39. Kd2 Rb5 40.
Kc3 Rc5+ 41. Rc4 Rd5 42. Re4 Rc5+ 43. Rc4 Rd5 44. b4 axb4+ 45. axb4 Rf5 46. Rc5
Kd7 47. Kd4 Kd6 48. Re5 Rf6 49. Kc4 Rf5 50. Ra5 Rf8 51. Re5 Rf5 52. Re8 Rf6 53.
Kd4 Rf7 54. Rd8+ Ke7 55. Rg8 Kf6 56. Rc8 Rd7+ 57. Kc4 Rd6 58. Kc5 Rd3 59. Rxc6+
Kf5 60. b5 Rxg3 61. b6 Rb3 62. Rd6 Rc3+ 63. Kb5 1-0

[Event "TSV Schönaich 2 - SF Deizisau 2"]
[Site "?"]
[Date "2022.10.09"]
[Round "2.2"]
[White "Krassowizkij, Jaroslaw"]
[Black "Koellner, Ruben Gideon"]
[Result "1/2-1/2"]
[WhiteElo "2438"]
[BlackElo "2401"]
[PlyCount "84"]
[EventDate "2022.??.??"]

1. e4 d6 2. d4 Nf6 3. Nc3 e5 4. dxe5 dxe5 5. Qxd8+ Kxd8 6. Bc4 Ke8 7. a3 Bd6 8.
Nf3 a6 9. Bg5 Nbd7 10. Nd2 h6 11. Bh4 b5 12. Ba2 c6 13. Nd1 g6 14. f3 Kf8 15.
Ne3 Kg7 16. Bf2 Nf8 17. O-O-O Bc7 18. b4 a5 19. Kb2 Be6 20. Bxe6 Nxe6 21. Nb3
axb4 22. axb4 Ra4 23. c3 Rha8 24. Ra1 Bb6 25. Rhd1 Rxa1 26. Nxa1 Nf4 27. Rd2
Rd8 28. Rxd8 Bxd8 29. Bg3 N6h5 30. Bxf4 Nxf4 31. c4 Bb6 32. Nac2 Bxe3 33. Nxe3
f6 34. cxb5 cxb5 35. Kc3 Kf7 36. Kd2 h5 37. g3 Ne6 38. Nd5 Nd4 39. Ke3 Nc2+ 40.
Kd3 Nd4 41. Ke3 Nc2+ 42. Kd3 Nd4 1/2-1/2

[Event "TSV Schönaich 2 - SF Deizisau 2"]
[Site "?"]
[Date "2022.10.09"]
[Round "2.3"]
[White "Koellner, Aaron Noah"]
[Black "Richter, Nils"]
[Result "0-1"]
[WhiteElo "2196"]
[BlackElo "2383"]
[PlyCount "48"]
[EventDate "2022.??.??"]

1. d4 d5 2. Bg5 h6 3. Bh4 c5 4. Nc3 Nc6 5. e4 cxd4 6. Nxd5 Nf6 7. Bxf6 gxf6 8.
Bc4 e6 9. Nf4 Qa5+ 10. Kf1 h5 11. Nf3 Bd7 12. Nxd4 Qc5 13. Bxe6 fxe6 14. Nxc6
Qxc6 15. Ng6 Rg8 16. Nxf8 Kxf8 17. Qxh5 Qxe4 18. Qc5+ Kf7 19. f3 Qg6 20. g3
Rac8 21. Qxa7 Rxc2 22. Rd1 Bb5+ 23. Kg1 Qxg3+ 24. hxg3 Rxg3# 0-1

[Event "TSV Schönaich 2 - SF Deizisau 2"]
[Site "?"]
[Date "2022.10.09"]
[Round "2.4"]
[White "Vyval, Volodymyr"]
[Black "Ruf, Matthias"]
[Result "1-0"]
[WhiteElo "2261"]
[BlackElo "2335"]
[PlyCount "95"]
[EventDate "2022.??.??"]

1. e4 d6 2. d4 Nf6 3. Nc3 Nbd7 4. Nf3 e5 5. h3 c6 6. g4 g6 7. a4 Qe7 8. g5 Nh5
9. d5 Bg7 10. Be3 O-O 11. Qd2 f5 12. gxf6 Ndxf6 13. O-O-O Ne8 14. Ne1 Bd7 15.
Ng2 Kh8 16. Be2 Nf4 17. Nxf4 exf4 18. Bxf4 cxd5 19. exd5 Qh4 20. Be3 Rc8 21. f4
a6 22. a5 Bf5 23. Bd3 Qd8 24. Bxf5 Rxf5 25. Ne4 Nc7 26. Bd4 Qf8 27. Bxg7+ Kxg7
28. Ng5 Qf6 29. Ne4 Qf8 30. Qb4 Nb5 31. Ng5 Kg8 32. Ne6 Qf7 33. h4 Qf6 34. Kb1
Qe7 35. c4 Na7 36. Qb6 Ra8 37. h5 Nc8 38. Qg1 Qf6 39. hxg6 Qxg6 40. Ka1 Ne7 41.
Qd4 Qf6 42. Rdg1+ Ng6 43. Qb6 Qe7 44. Ng5 Rxf4 45. Nxh7 Kg7 46. Ng5 Rh4 47.
Rxh4 Nxh4 48. Qd4+ 1-0

[Event "TSV Schönaich 2 - SF Deizisau 2"]
[Site "?"]
[Date "2022.10.09"]
[Round "2.5"]
[White "Gustain, Marc"]
[Black "Brunner, Jan"]
[Result "0-1"]
[WhiteElo "2194"]
[BlackElo "2182"]
[PlyCount "112"]
[EventDate "2022.??.??"]

1. e4 c5 2. Nf3 Nc6 3. Nc3 Nf6 4. d4 cxd4 5. Nxd4 d6 6. Bg5 e6 7. Bb5 Bd7 8.
Qd3 Be7 9. O-O-O Qc7 10. Rhe1 a6 11. Bxc6 bxc6 12. f4 h6 13. Bxf6 Bxf6 14. Nf3
Be7 15. g4 Qb7 16. Kb1 Rb8 17. b3 a5 18. e5 d5 19. f5 a4 20. Nxa4 Qb4 21. Qd4
Qxd4 22. Nxd4 c5 23. fxe6 fxe6 24. Nxc5 Bxc5 25. c3 Rf8 26. Rf1 Ke7 27. Kb2 g5
28. Rxf8 Rxf8 29. b4 Rf2+ 30. Kb3 Bxd4 31. Rxd4 Bb5 32. a4 Bc4+ 33. Rxc4 dxc4+
34. Kxc4 Kd7 35. Kc5 Kc7 36. a5 Re2 37. Kd4 Kc6 38. c4 Rd2+ 39. Kc3 Rd1 40. a6
Kb6 41. b5 Kc5 42. Kb3 Rh1 43. Ka3 Re1 44. Kb2 Rf1 45. Kb3 Rf3+ 46. Kb2 Rf7 47.
Kb3 Rf8 48. Kc3 Rh8 49. Kb3 h5 50. h3 hxg4 51. hxg4 Rf8 52. Kc3 Rf4 53. Kb3 Kb6
54. Kb4 Rxg4 55. a7 Kxa7 56. Kc5 Kb7 0-1

[Event "TSV Schönaich 2 - SF Deizisau 2"]
[Site "?"]
[Date "2022.10.09"]
[Round "2.6"]
[White "Reck, Moritz"]
[Black "Jelica, Mara"]
[Result "1-0"]
[WhiteElo "2126"]
[BlackElo "2122"]
[PlyCount "80"]
[EventDate "2022.??.??"]

1. e4 e5 2. Nc3 Nf6 3. g3 d5 4. exd5 Nxd5 5. Bg2 Nxc3 6. bxc3 Bc5 7. Nf3 O-O 8.
O-O e4 9. Ne5 f6 10. Nc4 f5 11. d3 exd3 12. cxd3 Nc6 13. d4 Be7 14. Rb1 Bf6 15.
Ba3 Re8 16. f4 Kh8 17. Qd3 a5 18. Rfd1 Qd7 19. d5 Nd8 20. d6 Ra6 21. dxc7 Qxc7
22. Nd6 Rg8 23. Nxc8 Qxc8 24. Bxb7 Nxb7 25. Qxa6 Qxc3 26. Qd3 Qc8 27. Rdc1 Qa8
28. Qd5 Qa7+ 29. Kg2 Qe3 30. Qf3 Qd2+ 31. Kh3 Nd8 32. Rb8 h6 33. Rcc8 g5 34.
fxg5 Qxg5 35. Bc1 f4 36. Bxf4 Qf5+ 37. Kg2 Qe6 38. Bd2 Re8 39. Bc3 Qxa2+ 40.
Rb2 Qxb2+ 1-0

[Event "TSV Schönaich 2 - SF Deizisau 2"]
[Site "?"]
[Date "2022.10.09"]
[Round "2.7"]
[White "Koellner, Christof"]
[Black "Stukenbrok, Nils"]
[Result "1/2-1/2"]
[WhiteElo "2058"]
[BlackElo "2065"]
[PlyCount "92"]
[EventDate "2022.??.??"]

1. d4 e6 2. Nf3 Nf6 3. c3 b6 4. Bg5 h6 5. Bh4 Bb7 6. e3 Be7 7. Bg3 Nh5 8. Nbd2
Nxg3 9. hxg3 d6 10. Bd3 Nd7 11. Qe2 c5 12. e4 Qc7 13. O-O O-O 14. e5 d5 15.
Rfe1 a5 16. Rad1 Qc8 17. Qe3 Ba6 18. Bb1 b5 19. Nf1 b4 20. N1h2 bxc3 21. bxc3
Rb8 22. Ng4 Re8 23. Nxh6+ gxh6 24. Qxh6 Rxb1 25. Rxb1 Bd3 26. Rbd1 c4 27. g4
Qd8 28. g3 Bf8 29. Qf4 Qe7 30. Re3 Rb8 31. Kg2 Bg7 32. Rh1 Rb1 33. Rh5 Nf8 34.
Re1 Rxe1 35. Nxe1 Bg6 36. Rh1 Qa3 37. Qd2 Bb1 38. Nf3 Qxa2 39. Qxa2 Bxa2 40.
Ra1 Bb3 41. Rxa5 Nh7 42. Nd2 Bd1 43. Ra8+ Bf8 44. f3 Kg7 45. Ra1 Bc2 46. f4 Be7
1/2-1/2

[Event "TSV Schönaich 2 - SF Deizisau 2"]
[Site "?"]
[Date "2022.10.09"]
[Round "2.8"]
[White "Kilinc, Can"]
[Black "Brenner, Markus"]
[Result "1/2-1/2"]
[WhiteElo "1973"]
[BlackElo "2089"]
[PlyCount "65"]
[EventDate "2022.??.??"]

1. e4 c5 2. Nf3 e6 3. d4 cxd4 4. Nxd4 Nc6 5. Nc3 Qc7 6. f4 a6 7. Nxc6 Qxc6 8.
Bd3 b5 9. Qe2 Bb7 10. Bd2 Be7 11. a3 Rc8 12. O-O-O Nf6 13. Kb1 O-O 14. e5 Nd5
15. Nxd5 Qxd5 16. Bb4 Bxb4 17. Bxh7+ Kxh7 18. Rxd5 Bxd5 19. axb4 Rc4 20. c3
Rxf4 21. Rf1 Rxf1+ 22. Qxf1 Kg8 23. g3 f6 24. exf6 Rxf6 25. Qe2 Bc4 26. Qd2 Bb3
27. Qe2 Bc4 28. Qg2 Rf1+ 29. Kc2 Re1 30. Kd2 Rb1 31. Kc2 Re1 32. Kd2 Rb1 33.
Kc2 1/2-1/2

[Event "SK Bebenhausen - Stuttgarter SF 2"]
[Site "?"]
[Date "2022.10.09"]
[Round "2.1"]
[White "Brueckner, Thomas"]
[Black "Braun, Georg"]
[Result "0-1"]
[WhiteElo "2377"]
[BlackElo "2393"]
[PlyCount "84"]
[EventDate "2022.??.??"]

1. e4 c5 2. Nf3 Nc6 3. d4 cxd4 4. Nxd4 Nf6 5. Nc3 e5 6. Ndb5 d6 7. Bg5 a6 8.
Na3 b5 9. Nd5 Be7 10. Bxf6 Bxf6 11. c3 O-O 12. Nc2 Rb8 13. h4 Be6 14. Nce3 Be7
15. g3 Qd7 16. Bg2 Bd8 17. Qd2 Bb6 18. Nxb6 Rxb6 19. Nd5 Bxd5 20. Qxd5 b4 21.
O-O bxc3 22. bxc3 Ne7 23. Qd3 Qc6 24. Rab1 Rfb8 25. Rxb6 Rxb6 26. Rb1 Rxb1+ 27.
Qxb1 g6 28. Qb4 Qc7 29. Bf1 a5 30. Qb5 Kg7 31. Bc4 h6 32. Bb3 Qxc3 33. Qb7 Kf6
34. Qa8 Kg7 35. Qb7 a4 36. Bxa4 Qa1+ 37. Kg2 Qxa2 38. Bb3 Qb1 39. Qxe7 Qxe4+
40. Kh3 Qh1+ 41. Kg4 h5+ 42. Kg5 Qf3 0-1

[Event "SK Bebenhausen - Stuttgarter SF 2"]
[Site "?"]
[Date "2022.10.09"]
[Round "2.2"]
[White "Wendler, David"]
[Black "Beyer, Christian"]
[Result "1/2-1/2"]
[WhiteElo "2249"]
[BlackElo "2269"]
[PlyCount "101"]
[EventDate "2022.??.??"]

1. e4 c5 2. c3 b6 3. d4 Bb7 4. Bd3 Nf6 5. Nd2 cxd4 6. cxd4 Nc6 7. Ne2 g6 8. O-O
Bg7 9. e5 Nd5 10. Ne4 O-O 11. Bg5 f6 12. exf6 Nxf6 13. Re1 Kh8 14. Nf4 Nxd4 15.
Nxf6 exf6 16. Bh4 Ne6 17. Nxg6+ hxg6 18. Qg4 f5 19. Bxf5 gxf5 20. Qh5+ Kg8 21.
Bxd8 Raxd8 22. Rad1 Bc6 23. h4 Rde8 24. Qe2 Rf6 25. g3 Rff8 26. Rd6 Nd4 27.
Qc4+ Kh7 28. Rxe8 Rxe8 29. Rxc6 dxc6 30. Qf7 Re2 31. h5 Re6 32. Qxa7 c5 33. Kg2
Rf6 34. b3 Kh6 35. Qd7 Ne6 36. Qe8 Ng5 37. f4 Nf7 38. Qg8 Nd6 39. Kf3 Nb5 40.
g4 Nd4+ 41. Kg3 Ne2+ 42. Kf2 fxg4 43. Kxe2 Rxf4 44. Qe8 Rf6 45. a4 Kg5 46. Qe7
Bf8 47. Qe5+ Rf5 48. Qe6 Rf6 49. Qe5+ Rf5 50. Qe6 Rf6 51. Qe5+ 1/2-1/2

[Event "SK Bebenhausen - Stuttgarter SF 2"]
[Site "?"]
[Date "2022.10.09"]
[Round "2.3"]
[White "Lorscheid, Gerhard"]
[Black "Braeuning, Rudolf Wilhelm"]
[Result "0-1"]
[WhiteElo "2124"]
[BlackElo "2218"]
[PlyCount "46"]
[EventDate "2022.??.??"]

1. d4 Nf6 2. c4 e6 3. Nc3 Bb4 4. f3 c5 5. d5 b5 6. e4 bxc4 7. Bxc4 Nxd5 8. Bxd5
exd5 9. Qxd5 Nc6 10. Nge2 Ba6 11. Kf2 O-O 12. Be3 Re8 13. Nf4 Re5 14. Qd1 f5
15. Qa4 Qa5 16. Qxa5 Bxa5 17. Rhd1 Rd8 18. Na4 fxe4 19. fxe4 Rf8 20. Nxc5 Rxc5
21. Bxc5 Rxf4+ 22. Ke3 Rf7 23. Rac1 Bd8 0-1

[Event "SK Bebenhausen - Stuttgarter SF 2"]
[Site "?"]
[Date "2022.10.09"]
[Round "2.5"]
[White "Migl, Dieter"]
[Black "Hartmann, Martin"]
[Result "1/2-1/2"]
[WhiteElo "2114"]
[BlackElo "2125"]
[PlyCount "64"]
[EventDate "2022.??.??"]

1. e4 e5 2. Nf3 Nc6 3. d4 exd4 4. Bc4 Nf6 5. e5 d5 6. Bb5 Ne4 7. Nxd4 Bd7 8.
Bxc6 bxc6 9. O-O Bc5 10. f3 Ng5 11. f4 Ne4 12. Be3 O-O 13. Nd2 f5 14. Nxe4 fxe4
15. Qd2 Qe7 16. Nb3 Bb6 17. Qc3 Rad8 18. a4 g5 19. fxg5 Bxe3+ 20. Qxe3 Qxe5 21.
c3 Bc8 22. Nc5 Rf5 23. Rxf5 Bxf5 24. Rf1 Rf8 25. b4 Bc8 26. Rxf8+ Kxf8 27. Nb3
Kg8 28. Nd4 Bd7 29. a5 Qd6 30. Ne2 a6 31. h3 Qe5 32. Kh1 Bc8 1/2-1/2

[Event "SK Bebenhausen - Stuttgarter SF 2"]
[Site "?"]
[Date "2022.10.09"]
[Round "2.6"]
[White "Latzke, Boris"]
[Black "Gabriel, Robert"]
[Result "1-0"]
[WhiteElo "2175"]
[BlackElo "2209"]
[PlyCount "137"]
[EventDate "2022.??.??"]

1. d4 d5 2. c4 e6 3. Nc3 Nf6 4. cxd5 exd5 5. Bg5 Be7 6. e3 O-O 7. Bd3 Nbd7 8.
Nge2 Re8 9. Qc2 Nf8 10. h3 b6 11. O-O-O c6 12. Kb1 a5 13. Bxf6 Bxf6 14. e4 dxe4
15. Bxe4 Qd6 16. Rhe1 Ba6 17. d5 c5 18. Bf3 Be5 19. Ne4 Qg6 20. h4 Rad8 21.
N2g3 Bc8 22. Ng5 Qxc2+ 23. Kxc2 Bd4 24. Rxe8 Rxe8 25. Rd2 f5 26. d6 g6 27. Bd5+
Kg7 28. Nf3 Bf6 29. Ne2 Rd8 30. Bc6 Bd7 31. Bxd7 Rxd7 32. Nc3 Ne6 33. Nb5 Kf7
34. Kb3 h6 35. Kc4 g5 36. hxg5 hxg5 37. Kd5 Nd8 38. Re2 g4 39. Ne5+ Bxe5 40.
Rxe5 Kf6 41. g3 Rh7 42. Re8 Rd7 43. Nc7 Kf7 44. Re5 Kf6 45. a4 Rh7 46. Ne8+ Kg6
47. Re7 Rh1 48. Rg7+ Kh6 49. Rd7 Rd1+ 50. Kc4 Nc6 51. Rc7 Ne5+ 52. Kb5 Rd2 53.
b3 Rd3 54. Kxb6 Rxb3+ 55. Kxc5 Rb8 56. Nf6 Kg6 57. Nd5 Rd8 58. Nf4+ Kf6 59. Kd5
Nd7 60. Rb7 Nb8 61. Ne6 Re8 62. Rxb8 Rxb8 63. d7 Ke7 64. d8=Q+ Rxd8+ 65. Nxd8
Kxd8 66. Ke5 Kd7 67. Kxf5 Kd6 68. Kxg4 Kc5 69. f4 1-0

[Event "SK Bebenhausen - Stuttgarter SF 2"]
[Site "?"]
[Date "2022.10.09"]
[Round "2.7"]
[White "Leitherer, Johannes"]
[Black "Carstens, Andreas"]
[Result "1/2-1/2"]
[WhiteElo "1835"]
[BlackElo "2151"]
[PlyCount "81"]
[EventDate "2022.??.??"]

1. e4 e6 2. d4 d5 3. exd5 exd5 4. Nf3 Bd6 5. Bd3 Ne7 6. O-O Bg4 7. Nbd2 Nbc6 8.
c3 Qd7 9. b4 O-O 10. Qc2 Bf5 11. Re1 Bxd3 12. Qxd3 Qf5 13. Qe2 Ng6 14. Nf1 Nce7
15. Ng3 Qd7 16. Qd3 Bxg3 17. hxg3 f6 18. a4 c6 19. Ba3 Rfe8 20. b5 Rac8 21.
Reb1 Nf8 22. b6 a6 23. Nd2 Ne6 24. Nb3 g6 25. Re1 Nf5 26. Re2 Nd6 27. Bxd6 Qxd6
28. Rae1 Kf7 29. a5 c5 30. Rxe6 Rxe6 31. Rxe6 Qxe6 32. Nxc5 Qe7 33. Qf3 Rxc5
34. dxc5 Qxc5 35. Qf4 Ke6 36. Qb8 Qxc3 37. Qe8+ Kd6 38. Qf8+ Ke6 39. Qg8+ Kd6
40. Qf8+ Ke6 41. Qg8+ 1/2-1/2

[Event "SK Bebenhausen - Stuttgarter SF 2"]
[Site "?"]
[Date "2022.10.09"]
[Round "2.8"]
[White "Roth, Juergen Eugen"]
[Black "Gabriel, Josef"]
[Result "1-0"]
[WhiteElo "2150"]
[BlackElo "2054"]
[PlyCount "113"]
[EventDate "2022.??.??"]

1. Nf3 g6 2. e4 Bg7 3. d4 d6 4. Nc3 a6 5. Be3 b5 6. Bd3 Bb7 7. a4 b4 8. Ne2 Nf6
9. Ng3 Ng4 10. Bd2 c5 11. c3 Nc6 12. h3 bxc3 13. bxc3 Nf6 14. d5 Nb8 15. Rb1
Bc8 16. O-O Nbd7 17. c4 h6 18. Qc1 Qc7 19. Re1 Kf8 20. Bf4 Ne5 21. Nxe5 dxe5
22. Be3 Kg8 23. Qa3 Nd7 24. Nf1 Bf6 25. Bd2 Kg7 26. Bc3 Kh7 27. a5 Rd8 28. Bc2
e6 29. Ba4 Be7 30. Nd2 Bd6 31. Rb2 Rb8 32. Reb1 Rxb2 33. Qxb2 Nf8 34. f4 exd5
35. cxd5 Bd7 36. fxe5 Bxa4 37. exd6 Qxd6 38. Bh8 Ne6 39. Bf6 Nd4 40. Bxd8 Qxd8
41. Qb7 Qf6 42. Qc7 Bb5 43. Re1 Kg7 44. Qxc5 Ne2+ 45. Kh1 Ng3+ 46. Kh2 Qe5 47.
Nf3 Qf4 48. Qd4+ Kg8 49. Qe5 Nf1+ 50. Kg1 Qxe5 51. Nxe5 Nd2 52. Kf2 Kf8 53. Ke3
Nb3 54. Nc6 Ke8 55. Rb1 Nc5 56. Kd4 Nb7 57. Rxb5 1-0

[Event "SG Schwäbisch Gmünd - TG Biberach"]
[Site "?"]
[Date "2022.10.09"]
[Round "2.1"]
[White "Sinz, Bernhard"]
[Black "Velicka, Petr"]
[Result "1/2-1/2"]
[WhiteElo "2309"]
[BlackElo "2387"]
[PlyCount "107"]
[EventDate "2022.??.??"]

1. d4 d5 2. Bf4 c5 3. e3 Nc6 4. c3 Nf6 5. Nd2 Bg4 6. Ngf3 e6 7. Qb3 Qc8 8. Bb5
Bxf3 9. Nxf3 a6 10. Be2 Be7 11. h3 O-O 12. O-O b5 13. Rfc1 Qb7 14. Qd1 Rfc8 15.
Ne5 Bd6 16. Nd3 Bxf4 17. Nxc5 Qb8 18. exf4 Qxf4 19. a4 Ne4 20. Nxe4 Qxe4 21.
axb5 axb5 22. Bxb5 Ne7 23. Qe2 Qf4 24. Bd3 Qc7 25. g3 Qb6 26. Kg2 Rcb8 27. b4
Nc8 28. b5 Rxa1 29. Rxa1 Qc7 30. Qe5 Nd6 31. Ra6 Rb6 32. Ra8+ Rb8 33. b6 Qc8
34. Ba6 Qf8 35. b7 Rd8 36. Rxd8 Qxd8 37. c4 dxc4 38. Qc5 g6 39. Kf1 Kg7 40. Qc8
Nxb7 41. Qxb7 Qxd4 42. Qb1 h5 43. h4 Kg8 44. Qc1 c3 45. Qc2 Qe5 46. Bd3 Kg7 47.
Qe2 Qa5 48. Bc2 Qa1+ 49. Qd1 Qa5 50. Qd3 Kg8 51. Ke2 Qe5+ 52. Qe4 Qc5 53. Qe3
Qc4+ 54. Qd3 1/2-1/2

[Event "SG Schwäbisch Gmünd - TG Biberach"]
[Site "?"]
[Date "2022.10.09"]
[Round "2.2"]
[White "Jurek, Josef"]
[Black "Oberst, Thomas"]
[Result "1/2-1/2"]
[WhiteElo "2212"]
[BlackElo "2258"]
[PlyCount "64"]
[EventDate "2022.??.??"]

1. d4 Nf6 2. c4 g6 3. Nf3 Bg7 4. g3 c6 5. Bg2 d5 6. cxd5 cxd5 7. Ne5 O-O 8. Nc3
e6 9. Bg5 h6 10. Be3 Nbd7 11. f4 Ne8 12. O-O Nd6 13. Bf2 Nf6 14. Qd3 b6 15. a4
a5 16. Rfc1 Ba6 17. Nb5 Nfe4 18. Be1 Kh7 19. b4 Bxb5 20. axb5 a4 21. Ra3 f5 22.
Rc6 Bxe5 23. dxe5 Nc4 24. Ra2 Qe7 25. Qd4 Rfc8 26. Rxc8 Rxc8 27. Rxa4 Rc7 28.
Qa1 Qd7 29. Ra8 h5 30. Bf3 Ne3 31. Bf2 Nxf2 32. Kxf2 Nc4 1/2-1/2

[Event "SG Schwäbisch Gmünd - TG Biberach"]
[Site "?"]
[Date "2022.10.09"]
[Round "2.3"]
[White "Mack, Wolfgang"]
[Black "Flajsman, Pavel"]
[Result "0-1"]
[WhiteElo "2268"]
[BlackElo "2171"]
[PlyCount "64"]
[EventDate "2022.??.??"]

1. c4 e6 2. Nf3 d5 3. b3 d4 4. e3 c5 5. Bb2 Nc6 6. exd4 cxd4 7. d3 Nf6 8. g3
Bd6 9. Bg2 e5 10. O-O O-O 11. Na3 Re8 12. Nc2 h6 13. Qd2 Qb6 14. Ba3 Bxa3 15.
Nxa3 Bf5 16. Rfc1 Re7 17. Nb5 Bh7 18. Ne1 e4 19. dxe4 Nxe4 20. Bxe4 Bxe4 21.
Nd3 a6 22. Na3 Bxd3 23. Qxd3 Qc5 24. Nc2 Ne5 25. Qe4 Rd8 26. Ne1 d3 27. Ng2 d2
28. Rf1 Rd4 29. Qf5 g6 30. Qc2 Nf3+ 31. Kh1 Qh5 32. h4 Qg4 0-1

[Event "SG Schwäbisch Gmünd - TG Biberach"]
[Site "?"]
[Date "2022.10.09"]
[Round "2.4"]
[White "Hoenick, Andreas"]
[Black "Wunder, Niklas"]
[Result "1/2-1/2"]
[WhiteElo "2143"]
[BlackElo "2045"]
[PlyCount "59"]
[EventDate "2022.??.??"]

1. d4 d5 2. c4 c6 3. Nc3 Nf6 4. Nf3 e6 5. e3 Nbd7 6. Bd3 dxc4 7. Bxc4 b5 8. Bd3
Bd6 9. O-O O-O 10. a4 b4 11. Ne2 c5 12. Bd2 e5 13. Ng3 Bb7 14. Bf5 g6 15. Bxd7
Nxd7 16. dxc5 Bxc5 17. a5 Ba6 18. Re1 Rb8 19. Qb3 Rb5 20. Red1 Rxa5 21. Rxa5
Qxa5 22. Qd5 Nb6 23. Qxe5 Nc4 24. Qf6 Nxd2 25. Nf5 Nxf3+ 26. gxf3 gxf5 27. Qg5+
Kh8 28. Qf6+ Kg8 29. Qg5+ Kh8 30. Qf6+ 1/2-1/2

[Event "SG Schwäbisch Gmünd - TG Biberach"]
[Site "?"]
[Date "2022.10.09"]
[Round "2.5"]
[White "Birkenmaier, Rainer"]
[Black "Weiss, Andreas"]
[Result "1/2-1/2"]
[WhiteElo "2087"]
[BlackElo "2130"]
[PlyCount "91"]
[EventDate "2022.??.??"]

1. d4 Nf6 2. Nf3 e6 3. Nbd2 c5 4. e3 b6 5. c3 Bb7 6. Bd3 cxd4 7. exd4 Nc6 8.
O-O Be7 9. Qe2 Qc7 10. Re1 d5 11. Nf1 a6 12. Ng3 h6 13. Bd2 b5 14. Rec1 Qb6 15.
Ne5 Nxe5 16. Qxe5 Qd6 17. Qxd6 Bxd6 18. a4 bxa4 19. Rxa4 Nd7 20. Rca1 Nb8 21.
Ne2 Ke7 22. Bf4 Bxf4 23. Nxf4 Rc8 24. Kf1 Rc6 25. Be2 Rb6 26. Nd3 Bc6 27. R4a2
Bb5 28. Nb4 Bxe2+ 29. Kxe2 Kd6 30. Kd3 Ra7 31. Ra5 Nc6 32. Nxc6 Kxc6 33. b4 Kb7
34. f4 Ra8 35. f5 Rd8 36. fxe6 fxe6 37. Rf1 Rd7 38. Rf8 Re7 39. Rc5 Rc6 40. c4
dxc4+ 41. Kxc4 Rd6 42. Rcc8 Red7 43. Rb8+ Ka7 44. Ra8+ Kb7 45. Rfb8+ Kc7 46.
Rc8+ 1/2-1/2

[Event "SG Schwäbisch Gmünd - TG Biberach"]
[Site "?"]
[Date "2022.10.09"]
[Round "2.6"]
[White "Bergner, Philipp"]
[Black "Wunder, Fabian"]
[Result "1-0"]
[WhiteElo "2101"]
[BlackElo "2075"]
[PlyCount "89"]
[EventDate "2022.??.??"]

1. e4 c5 2. c3 d5 3. exd5 Qxd5 4. d4 Nf6 5. Nf3 Nc6 6. Na3 Bg4 7. Bc4 Bxf3 8.
gxf3 Qd7 9. dxc5 Qxd1+ 10. Kxd1 e6 11. b4 a5 12. Rb1 Be7 13. Nb5 O-O 14. Bf4
Rfd8+ 15. Ke2 Rd7 16. a3 Rad8 17. Rhd1 Nd5 18. Bxd5 Rxd5 19. Bc7 R8d7 20. Rxd5
Rxd5 21. Rd1 Rxd1 22. Kxd1 axb4 23. cxb4 Kf8 24. Kd2 Ke8 25. Kd3 Kd7 26. Bf4 e5
27. Be3 f5 28. Kc4 Ke6 29. Bd2 g6 30. a4 Bh4 31. Be1 e4 32. Nd4+ Nxd4 33. Kxd4
Bf6+ 34. Kc4 exf3 35. a5 Kd7 36. Kd5 Bd8 37. b5 Bc7 38. a6 bxa6 39. bxa6 Bb8
40. Ba5 Kc8 41. Kc6 Ba7 42. Bb6 Kb8 43. Bxa7+ Kxa7 44. Kd7 Kxa6 45. c6 1-0

[Event "SG Schwäbisch Gmünd - TG Biberach"]
[Site "?"]
[Date "2022.10.09"]
[Round "2.8"]
[White "Pohl, Walter"]
[Black "Funk, Felix"]
[Result "1-0"]
[WhiteElo "2098"]
[BlackElo "1925"]
[PlyCount "93"]
[EventDate "2022.??.??"]

1. e4 e6 2. d4 d5 3. Nc3 dxe4 4. Nxe4 Nd7 5. Bd3 Ngf6 6. Bg5 Be7 7. Nc3 b6 8.
Nge2 Bb7 9. f3 c5 10. Qd2 Rc8 11. dxc5 Bxc5 12. O-O-O O-O 13. Bb5 Nb8 14. Qf4
Qc7 15. Qh4 Nd5 16. Bd3 h6 17. Nb5 Qe5 18. f4 Qe3+ 19. Kb1 Nb4 20. Bxh6 gxh6
21. Qxh6 Be4 22. Qg5+ Kh7 23. Qh5+ Kg7 24. Qe5+ f6 25. Qxe4 Qxe4 26. Bxe4 a6
27. Nbd4 Rfe8 28. c3 Nd5 29. Bxd5 exd5 30. f5 Re5 31. g4 Kf7 32. Nf4 Re4 33.
Nde6 Bd6 34. Nxd5 Re2 35. Nxb6 Rc6 36. Nd8+ Ke7 37. Nxc6+ Nxc6 38. Nd5+ Kf7 39.
Nxf6 Be5 40. g5 Na5 41. Rhe1 Rxe1 42. Rxe1 Nc4 43. Ng4 Bf4 44. g6+ Kg7 45. Re7+
Kf8 46. Rf7+ Ke8 47. Nf6+ 1-0

[Event "SC Böblingen - SK Schmiden/Cannstatt"]
[Site "?"]
[Date "2022.10.09"]
[Round "2.2"]
[White "Mueller, Ralf"]
[Black "Schmidt, Tobias"]
[Result "1-0"]
[WhiteElo "2352"]
[BlackElo "2262"]
[PlyCount "67"]
[EventDate "2022.??.??"]

1. d4 e6 2. c4 Nf6 3. Nf3 d5 4. g3 dxc4 5. Bg2 Bb4+ 6. Nbd2 b5 7. O-O O-O 8. b3
Bb7 9. bxc4 Bxd2 10. Bxd2 bxc4 11. Qc2 Bd5 12. Rfe1 Ne4 13. Bb4 c5 14. Bxc5
Nxc5 15. dxc5 Nd7 16. c6 Bxc6 17. Rad1 Rc8 18. Ne5 Bb5 19. a4 Qa5 20. axb5 Nxe5
21. Ra1 Qxb5 22. Qc3 Ng4 23. h3 Nf6 24. Rxa7 Rfd8 25. Ra5 Qb6 26. Rea1 h6 27.
e4 Rd3 28. Qc2 Qd4 29. Ra8 Rxa8 30. Rxa8+ Kh7 31. e5 Ne4 32. Ra4 Nxf2 33. Rxc4
Ng4+ 34. Rxd4 1-0

[Event "SC Böblingen - SK Schmiden/Cannstatt"]
[Site "?"]
[Date "2022.10.09"]
[Round "2.3"]
[White "Trachtmann, Mark"]
[Black "Tran, Thanh Kien"]
[Result "1/2-1/2"]
[WhiteElo "2233"]
[BlackElo "2125"]
[PlyCount "48"]
[EventDate "2022.??.??"]

1. d4 Nf6 2. c4 c5 3. d5 d6 4. Nc3 g6 5. e4 Bg7 6. h3 O-O 7. Nf3 e6 8. Be2 exd5
9. exd5 Re8 10. O-O Bf5 11. g4 Ne4 12. Nxe4 Bxe4 13. Ng5 h6 14. Nxe4 Rxe4 15.
Bd3 Re8 16. Bf4 Qf6 17. Qd2 Nd7 18. Rae1 Ne5 19. Bxe5 Rxe5 20. Rxe5 Qxe5 21.
Re1 Qf6 22. b3 Kf8 23. Qe3 Qe5 24. Qxe5 Bxe5 1/2-1/2

[Event "SC Böblingen - SK Schmiden/Cannstatt"]
[Site "?"]
[Date "2022.10.09"]
[Round "2.4"]
[White "Schuh, Karsten"]
[Black "Loehr, Markus"]
[Result "1-0"]
[WhiteElo "2169"]
[BlackElo "2203"]
[PlyCount "101"]
[EventDate "2022.??.??"]

1. Nf3 Nf6 2. c4 g6 3. b4 Bg7 4. Bb2 O-O 5. g3 c6 6. Bg2 d5 7. cxd5 Nxd5 8.
Bxg7 Kxg7 9. Qb3 Qb6 10. a3 Nd7 11. Nc3 N7f6 12. O-O Bg4 13. Rfe1 Rad8 14. Na4
Qc7 15. Qb2 Bxf3 16. Bxf3 Kg8 17. Rac1 Nb6 18. Nc5 Nfd7 19. d3 Nxc5 20. bxc5
Nd7 21. Qb4 Nf6 22. Rb1 Rd7 23. Rec1 Nd5 24. Qa4 a6 25. Qc4 Qa5 26. Rb3 Rb8 27.
Rcb1 Qc7 28. h4 h5 29. Kg2 e5 30. Qc2 Ne7 31. Rb6 Nc8 32. R6b4 Ne7 33. Qb2 Nf5
34. Be4 Nd4 35. e3 Ne6 36. Qc3 Kh7 37. Rb6 Nd8 38. f4 f5 39. Bf3 Re7 40. Kf2
exf4 41. gxf4 Rc8 42. Rg1 Rf7 43. d4 Qe7 44. Kg3 Rc7 45. Kh3 Ne6 46. Rg3 Ng7
47. d5 cxd5 48. Bxd5 Rxc5 49. Qd4 g5 50. hxg5 Rf8 51. Rh6# 1-0

[Event "SC Böblingen - SK Schmiden/Cannstatt"]
[Site "?"]
[Date "2022.10.09"]
[Round "2.5"]
[White "Thoma, Christian"]
[Black "Schroeter, Samuel"]
[Result "1-0"]
[WhiteElo "2182"]
[BlackElo "2166"]
[PlyCount "77"]
[EventDate "2022.??.??"]

1. d4 g6 2. c4 Bg7 3. e4 c5 4. dxc5 Qa5+ 5. Bd2 Qxc5 6. Nc3 Nf6 7. Be2 d6 8.
Nf3 Bg4 9. O-O Nbd7 10. Be3 Qa5 11. a3 O-O 12. b4 Qd8 13. Rc1 b6 14. h3 Bxf3
15. Bxf3 Ne5 16. Be2 Rc8 17. Qb3 Nc6 18. Rfd1 Qc7 19. f4 Qb8 20. Bf3 e5 21. f5
Nd4 22. Bxd4 exd4 23. Rxd4 d5 24. Nxd5 Ng4 25. Rdd1 Qh2+ 26. Kf1 Ne5 27. Ne7+
Kh8 28. Nxc8 Rxc8 29. c5 Bh6 30. Rc2 gxf5 31. exf5 Bf4 32. f6 Re8 33. c6 b5 34.
Re2 h5 35. c7 h4 36. Rxe5 Qh1+ 37. Kf2 Bg3+ 38. Ke2 Rxe5+ 39. Kd3 1-0